Second homes: a new framework for policy (Record no. 74679)
[ view plain ]
| 000 -LEADER | |
|---|---|
| fixed length control field | 01225cab a2200253 4500 |
| 001 - CONTROL NUMBER | |
| control field | ABS68564 |
| 008 - FIXED-LENGTH DATA ELEMENTS--GENERAL INFORMATION | |
| fixed length control field | 041216n2004 000 0 eng u |
| 035 ## - SYSTEM CONTROL NUMBER | |
| System control number | (Sirsi) u128342 |
| 100 ## - MAIN ENTRY--PERSONAL NAME | |
| Personal name | Gallent, N. |
| 245 ## - TITLE STATEMENT | |
| Title | Second homes: a new framework for policy |
| 260 ## - PUBLICATION, DISTRIBUTION, ETC. | |
| Date of publication, distribution, etc. | 2004 |
| 490 ## - SERIES STATEMENT | |
| Series statement | Town Planning Review |
| Volume/sequential designation | 75(3) 2004, 287-308(22) |
| 520 ## - SUMMARY, ETC. | |
| Summary, etc. | Updates "Second homes: a new framework for policy" (M. Shucksmith, "Town Planning Review" 75(3) 2004, 174-195(19)) looking at the impact of second homes on the English countryside. The authors report on the results of research which they undertook on behalf of the English countryside. Looks at a range of issues including housing affordability and access, house building, mitigation and return, local services and community, planning and council tax. Concludes that both planning powers and fiscal controls should be directed at assisting communities affected by second home concentrations. |
| 590 ## - LOCAL NOTE (RLIN) | |
| Local note | ABS |
| 650 ## - SUBJECT ADDED ENTRY--TOPICAL TERM | |
| Topical term or geographic name entry element | SECOND HOMES |
| 650 ## - SUBJECT ADDED ENTRY--TOPICAL TERM | |
| Topical term or geographic name entry element | RURAL HOMES |
| 650 ## - SUBJECT ADDED ENTRY--TOPICAL TERM | |
| Topical term or geographic name entry element | COUNTRYSIDE |
| 650 ## - SUBJECT ADDED ENTRY--TOPICAL TERM | |
| Topical term or geographic name entry element | HOUSE BUILDING |
| 650 ## - SUBJECT ADDED ENTRY--TOPICAL TERM | |
| Topical term or geographic name entry element | COUNCIL TAX |
| 690 ## - LOCAL SUBJECT ADDED ENTRY--TOPICAL TERM (OCLC, RLIN) | |
| Topical term or geographic name as entry element | Planning and development |
| 9 (RLIN) | 6259 |
| 700 ## - ADDED ENTRY--PERSONAL NAME | |
| Personal name | Mace, A. |
| 700 ## - ADDED ENTRY--PERSONAL NAME | |
| Personal name | Tewdwr-Jones, M. |
| 942 ## - ADDED ENTRY ELEMENTS (KOHA) | |
| Suppress in OPAC | 0 |
| Withdrawn status | Lost status | Source of classification or shelving scheme | Damaged status | Not for loan | Home library | Current library | Shelving location | Date acquired | Total Checkouts | Full call number | Barcode | Date last seen | Copy number | Price effective from | Koha item type |
|---|---|---|---|---|---|---|---|---|---|---|---|---|---|---|---|
| Dewey Decimal Classification | London | London | Journal article | 16/12/2004 | ABS68564 | 128342-1001 | 06/08/2019 | 1 | 06/08/2019 | Journal article |